The Continents in Alphabetical Order - Statistics

General Stats
  • This quiz has been taken 96 times
  • The average score is 2 of 7
Answer Stats
Continent % Correct
Africa
96%
Antarctica
27%
Asia
27%
Europe
13%
South America
12%
North America
8%
Oceania
4%
No matching quizzes found
Score Distribution
Percent of People with Each Score
Percentile by Number Answered
Your Score History
You have not taken this quiz